Transformace postkomunistických ekonomik: kolik teorie - tolik pragmatismu?
Proces transformácie ekonomiky ČR na trhové hospodárstvo. Inšpirácie hospodársko-politického uvažovania pre tvorbu transformačnej politiky. Školy a smery, ktoré ovplyvňujú transformáciu ekonomiky. Otázky inšpirácií zo sveta, otázky foriem trhového hospodárstva.
Salvato in:
| Autore principale: | |
|---|---|
| Natura: | Capitolo di libro |
| Lingua: | ceco |
| Soggetti: | |
| Tags: |
Nessun Tag, puoi essere il primo ad aggiungerne!!
|
MARC
| LEADER | 00000naa a2200000 4500 | ||
|---|---|---|---|
| 001 | r017402 | ||
| 005 | 20221205080149.0 | ||
| 041 | 0 | |a cze | |
| 044 | |a CZ | ||
| 245 | 1 | 0 | |a Transformace postkomunistických ekonomik: kolik teorie - tolik pragmatismu? |c O. Turek |
| 520 | |a Proces transformácie ekonomiky ČR na trhové hospodárstvo. Inšpirácie hospodársko-politického uvažovania pre tvorbu transformačnej politiky. Školy a smery, ktoré ovplyvňujú transformáciu ekonomiky. Otázky inšpirácií zo sveta, otázky foriem trhového hospodárstva. | ||
| 610 | 2 | 0 | |a transformácia |
| 610 | 2 | 0 | |a Česko |
| 610 | 2 | 0 | |a reformy hospodárske |
| 610 | 2 | 0 | |a hospodárstvo trhové |
| 610 | 2 | 0 | |a teórie ekonomické |
| 610 | 2 | 0 | |a monetarizmus |
| 610 | 2 | 0 | |a liberalizmus |
| 610 | 2 | 0 | |a keynesizmus |
| 610 | 2 | 0 | |a neoinštitucionalizmus |
| 100 | 1 | |a Turek, Otakar | |